000
00211nam a22000857a 4500
008
170613b xxu||||| |||| 00| 0 eng d
100
_9
3374
_a
Bhan. W
245
_a
English Work Book - 7
260
_a
New Delhi
_b
PCB
_c
2010
999
_c
6712
_d
6712